| 000 -LEADER |
| fixed length control field |
00687nam a22002297a 4500 |
| 003 - CONTROL NUMBER IDENTIFIER |
| control field |
0 |
| 005 - DATE AND TIME OF LATEST TRANSACTION |
| control field |
20250903130528.0 |
| 008 - FIXED-LENGTH DATA ELEMENTS--GENERAL INFORMATION |
| fixed length control field |
250903b xxu||||| |||| 00| 0 eng d |
| 020 ## - INTERNATIONAL STANDARD BOOK NUMBER |
| International Standard Book Number |
978-184749-609-6 |
| 050 ## - LIBRARY OF CONGRESS CALL NUMBER |
| Classification number |
PS 2612 |
| Item number |
.P743 2023 |
| 100 ## - MAIN ENTRY--PERSONAL NAME |
| Personal name |
Poe, Edgar Allan, |
| Relator term |
author. |
| 245 ## - TITLE STATEMENT |
| Title |
Tales of horror / |
| Statement of responsibility, etc |
Edgar Allan Poe. |
| 260 ## - PUBLICATION, DISTRIBUTION, ETC. (IMPRINT) |
| Place of publication, distribution, etc |
London, United Kingdom : |
| Name of publisher, distributor, etc |
Alma Classics, |
| Date of publication, distribution, etc |
2023. |
| 300 ## - PHYSICAL DESCRIPTION |
| Extent |
311 pages : |
| Dimensions |
20 cm. |
| 500 ## - GENERAL NOTE |
| General note |
Includes notes on the text. |
| 650 ## - SUBJECT ADDED ENTRY--TOPICAL TERM |
| Topical term or geographic name as entry element |
Horror tales, American. |
| 650 ## - SUBJECT ADDED ENTRY--TOPICAL TERM |
| Topical term or geographic name as entry element |
Gothic fiction. |
| 650 ## - SUBJECT ADDED ENTRY--TOPICAL TERM |
| Topical term or geographic name as entry element |
Supernatural |
| Form subdivision |
Fiction. |
| 650 ## - SUBJECT ADDED ENTRY--TOPICAL TERM |
| Topical term or geographic name as entry element |
Psychological fiction, American. |
| 650 ## - SUBJECT ADDED ENTRY--TOPICAL TERM |
| Topical term or geographic name as entry element |
Short stories, American. |
| 942 ## - ADDED ENTRY ELEMENTS (KOHA) |
| Source of classification or shelving scheme |
|
| Koha item type |
Books |